Notable WWE Achievements (MITB, RR and KOTR winners) - Statistics

General Stats
  • This quiz has been taken 1,526 times
    1,359 since last reset
  • The average score is 63 of 77
Answer Stats
Hint Answer % Correct
2008 John Cena
98%
2013 John Cena
98%
Money In The Bank 2012 John Cena
98%
2010 Edge
97%
2001 Edge
97%
Wrestlemania 21 Edge
97%
1997 Hunter Hearst Helmsley
97%
1997 Stone Cold Steve Austin
97%
1998 Stone Cold Steve Austin
97%
2001 Stone Cold Steve Austin
97%
1996 Stone Cold Steve Austin
97%
2002 Triple H
97%
2016 Triple H
97%
2009 Randy Orton
96%
2017 Randy Orton
96%
Money In The Bank 2013 Randy Orton
96%
2019 (Men) Seth Rollins
95%
Money In The Bank 2014 Seth Rollins
95%
2005 Batista
94%
2014 Batista
94%
1995 Shawn Michaels
94%
1996 Shawn Michaels
94%
2012 Sheamus
94%
2010 Sheamus
94%
Money In The Bank 2015 Sheamus
94%
2015 Roman Reigns
93%
2000 The Rock
93%
2007 The Undertaker
93%
2003 Brock Lesnar
92%
2002 Brock Lesnar
92%
1990 Hulk Hogan
92%
1991 Hulk Hogan
92%
2006 Rey Mysterio
92%
2011 Alberto Del Rio
91%
Money In The Bank 2011 Alberto Del Rio
91%
1992 Ric Flair
91%
2018 (Women) Asuka
90%
Greatest Braun Strowman
89%
Money In The Bank 2018 (Men) Braun Strowman
89%
2004 Chris Benoit
89%
Wrestlemania 24 CM Punk
89%
Wrestlemania 25 CM Punk
89%
1994 Bret Hart
88%
1991 Bret Hart
88%
1993 Bret Hart
88%
2018 (Men) Shinsuke Nakamura
87%
1999 Vince McMahon
85%
1988 "Hacksaw" Jim Duggan
83%
Money In The Bank 2010 Kane
83%
1994 Lex Luger
82%
2006 Booker T
81%
Money In The Bank 2017 (Women) Carmella
80%
1993 Yokozuna
80%
Money In The Bank 2010 The Miz
78%
Money In The Bank 2016 Dean Ambrose
77%
2019 (Women) Becky Lynch
75%
Money In The Bank 2017 (Men) Baron Corbin
74%
Money In The Bank 2011 Daniel Bryan
74%
Wrestlemania 26 Jack Swagger
72%
Money In The Bank 2012 Dolph Ziggler
71%
Wrestlemania 23 Mr Kennedy
71%
Wrestlemania 22 Rob Van Dam
71%
1989 Big John Studd
69%
2015 Bad News Barrett
68%
Money In The Bank 2018 (Women) Alexa Bliss
67%
Money In The Bank 2013 Damien Sandow
67%
2000 Kurt Angle
63%
1994 Owen Hart
57%
1987 Randy Savage
54%
2008 William Regal
54%
1995 Mabel
44%
1999 Mr Ass
40%
1986 Harley Race
33%
1998 Ken Shamrock
33%
1988 Ted DiBiase
29%
1985 Don Muraco
23%
1989 Tito Santana
20%
No matching quizzes found
Score Distribution
Percent of People with Each Score
Percentile by Number Answered
Your Score History
You have not taken this quiz since the last reset